Mémoires. (Record no. 1831)
[ view plain ]
| 000 -LEADER | |
|---|---|
| fixed length control field | 01838cas a2200421 a 4500 |
| 001 - CONTROL NUMBER | |
| control field | data |
| 008 - FIXED-LENGTH DATA ELEMENTS--GENERAL INFORMATION | |
| fixed length control field | data |
| 005 - DATE AND TIME OF LATEST TRANSACTION | |
| control field | 20260322212120.0 |
| 010 ## - LIBRARY OF CONGRESS CONTROL NUMBER | |
| LC control number | 20015201 |
| Canceled/invalid LC control number | sn 90039983 |
| 035 ## - SYSTEM CONTROL NUMBER | |
| System control number | (OCoLC)1775002 |
| 040 ## - CATALOGING SOURCE | |
| Original cataloging agency | MUL |
| Language of cataloging | eng |
| Transcribing agency | MUL |
| Modifying agency | OCLCL |
| -- | NYG |
| -- | NST |
| -- | HUL |
| -- | NYG |
| -- | DLC |
| -- | CUV |
| -- | OCLCQ |
| -- | OCLCF |
| -- | OCLCQ |
| -- | OCLCL |
| 042 ## - AUTHENTICATION CODE | |
| Authentication code | premarc |
| -- | premarc |
| 050 00 - LIBRARY OF CONGRESS CALL NUMBER | |
| Classification number | AS242 |
| Item number | .B3415 |
| 082 04 - DEWEY DECIMAL CLASSIFICATION NUMBER | |
| Classification number | 706 |
| Item number | qA169b |
| Real World Object URI | https://id.oclc.org/worldcat/ddc/E3dXjGxrrXqmgvq6wJrjj37dtF |
| 245 00 - TITLE STATEMENT | |
| Title | Mémoires. |
| Name of part/section of a work | Collection in-4o / |
| Statement of responsibility, etc. | Academie royale de Belgique. Classe des beaux-arts. |
| 246 30 - VARYING FORM OF TITLE | |
| Title proper/short title | Collection in 4o |
| 246 13 - VARYING FORM OF TITLE | |
| Title proper/short title | Collection in-quarto |
| 260 ## - PUBLICATION, DISTRIBUTION, ETC. | |
| Place of publication, distribution, etc. | Bruxelles : |
| Name of publisher, distributor, etc. | L'Académie, |
| Date of publication, distribution, etc. | 1919-1971. |
| 300 ## - PHYSICAL DESCRIPTION | |
| Extent | 13 volumes : |
| Other physical details | illustrations ; |
| Dimensions | 30 cm |
| 336 ## - CONTENT TYPE | |
| Content type term | text |
| Content type code | txt |
| Source | rdacontent |
| 337 ## - MEDIA TYPE | |
| Media type term | unmediated |
| Media type code | n |
| Source | rdamedia |
| 338 ## - CARRIER TYPE | |
| Carrier type term | volume |
| Carrier type code | nc |
| Source | rdacarrier |
| 362 0# - DATES OF PUBLICATION AND/OR SEQUENTIAL DESIGNATION | |
| Dates of publication and/or sequential designation | T. 1, fasc. 1 (nov. 1919)-t. 1, fasc. 3 (1923); 2. sér., t. 1 (1923)-2. sér., t. 13 (1971). |
| 500 ## - GENERAL NOTE | |
| General note | Title from cover. |
| 515 ## - NUMBERING PECULIARITIES NOTE | |
| Numbering peculiarities note | Publication suspended with v. 9, no. 1 in 1942 and resumed with v. 9, no. 2 in 1959. |
| 590 ## - LOCAL NOTE (RLIN) | |
| Local note | SERBIB/SERLOC merged record |
| 650 #0 - SUBJECT ADDED ENTRY--TOPICAL TERM | |
| Topical term or geographic name entry element | Arts. |
| 650 #7 - SUBJECT ADDED ENTRY--TOPICAL TERM | |
| Topical term or geographic name entry element | Arts. |
| Source of heading or term | fast |
| Authority record control number or standard number | (OCoLC)fst00817721 |
| 710 2# - ADDED ENTRY--CORPORATE NAME | |
| Corporate name or jurisdiction name as entry element | Académie royale des sciences, des lettres et des beaux-arts de Belgique. |
| Subordinate unit | Classe des beaux-arts. |
| 776 08 - ADDITIONAL PHYSICAL FORM ENTRY | |
| Relationship information | Online version: |
| Title | Mémoires. Collection in-4o |
| Record control number | (OCoLC)557626623 |
| 785 00 - SUCCEEDING ENTRY | |
| Title | Mémoires de la Classe des beaux-arts. Collection in-4o |
| Record control number | (OCoLC)13173688 |
| -- | (OCoLC)13173688 |
| 890 ## - | |
| -- | Académie royale des sciences, des lettres et des beaux-arts de Belgique, Brussels. Classe des beaux-arts. Mémoires. Collection in-4p0s. |
| -- | 20-15201 |
| 906 ## - LOCAL DATA ELEMENT F, LDF (RLIN) | |
| a | 7 |
| b | cbc |
| c | serials |
| d | u |
| e | ncip |
| f | 19 |
| g | n-oclcserc |
| 920 ## - | |
| -- | Keep 1 |
| 991 ## - | |
| -- | c-GenColl |
| -- | AS242 |
| -- | .B3415 |
| -- | SERIALS |
| 992 ## - | |
| -- | Unk |
| -- | SERLOC |
| Withdrawn status | Lost status | Damaged status | Not for loan | Home library | Current library | Shelving location | Date acquired | Total checkouts | Full call number | Barcode | Date last seen | Price effective from | Koha item type |
|---|---|---|---|---|---|---|---|---|---|---|---|---|---|
| Franklin | Franklin | General stacks | 22/03/2026 | 706 | LOC-FRL-00067 | 22/03/2026 | 22/03/2026 | Books |